Математическое моделирование OLAP-куба в контексте агрегирования простых и иерархических измерений; Известия Томского политехнического университета [Известия ТПУ]; Т. 316, № 5: Управление, вычислительная техника и информатика
| Parent link: | Известия Томского политехнического университета [Известия ТПУ]/ Томский политехнический университет (ТПУ).— , 2000- Т. 316, № 5: Управление, вычислительная техника и информатика.— 2010.— [С. 72-75] |
|---|---|
| 1. autor: | |
| Kolejni autorzy: | |
| Streszczenie: | Заглавие с титульного листа Электронная версия печатной публикации Статья посвящена исследованию агрегации данных в многомерном OLAP-кубе в простом и иерархическом случае построения измерений. Получены формулы для расчета количества агрегатов и количества сочетаний агрегатов в простом и иерархическом случае построения измерений. |
| Język: | rosyjski |
| Wydane: |
2010
|
| Seria: | Управление, вычислительная техника и информатика |
| Hasła przedmiotowe: | |
| Dostęp online: | http://www.lib.tpu.ru/fulltext/v/Bulletin_TPU/2010/v316/i5/13.pdf |
| Format: | MixedMaterials Elektroniczne Rozdział |
| KOHA link: | https://koha.lib.tpu.ru/cgi-bin/koha/opac-detail.pl?biblionumber=187133 |
MARC
| LEADER | 00000nla2a2200000 4500 | ||
|---|---|---|---|
| 001 | 187133 | ||
| 005 | 20231031173915.0 | ||
| 035 | |a (RuTPU)RU\TPU\book\203056 | ||
| 035 | |a RU\TPU\book\203045 | ||
| 090 | |a 187133 | ||
| 100 | |a 20101111d2010 k y0rusy50 ca | ||
| 101 | 0 | |a rus | |
| 102 | |a RU | ||
| 135 | |a drnn ---uucaa | ||
| 181 | 0 | |a i | |
| 182 | 0 | |a b | |
| 200 | 1 | |a Математическое моделирование OLAP-куба в контексте агрегирования простых и иерархических измерений |b Электронный ресурс |f В. П. Кулагин, В. Т. Матчин | |
| 203 | |a Текст |c электронный | ||
| 215 | |a 1 файл (77 Кб) | ||
| 225 | 1 | |a Управление, вычислительная техника и информатика | |
| 230 | |a Электронные текстовые данные (1 файл : 77 Кб) | ||
| 300 | |a Заглавие с титульного листа | ||
| 300 | |a Электронная версия печатной публикации | ||
| 320 | |a [Библиогр.: с. 75 (2 назв.)] | ||
| 330 | |a Статья посвящена исследованию агрегации данных в многомерном OLAP-кубе в простом и иерархическом случае построения измерений. Получены формулы для расчета количества агрегатов и количества сочетаний агрегатов в простом и иерархическом случае построения измерений. | ||
| 337 | |a Adobe Reader | ||
| 461 | 1 | |0 (RuTPU)RU\TPU\book\176237 |t Известия Томского политехнического университета [Известия ТПУ] |f Томский политехнический университет (ТПУ) |d 2000- | |
| 463 | 1 | |0 (RuTPU)RU\TPU\book\202417 |x 1684-8519 |t Т. 316, № 5: Управление, вычислительная техника и информатика |v [С. 72-75] |d 2010 |p 192 с. | |
| 610 | 1 | |a хранилища | |
| 610 | 1 | |a данные | |
| 610 | 1 | |a базы знаний | |
| 610 | 1 | |a агрегирование данных | |
| 610 | 1 | |a онтология | |
| 610 | 1 | |a многомерный куб | |
| 610 | 1 | |a иерархическое измерение | |
| 610 | 1 | |a электронный ресурс | |
| 700 | 1 | |a Кулагин |b В. П. | |
| 701 | 1 | |a Матчин |b В. Т. | |
| 801 | 1 | |a RU |b 63413507 |c 20090623 |g PSBO | |
| 801 | 2 | |a RU |b 63413507 |c 20211222 |g PSBO | |
| 856 | 4 | |u http://www.lib.tpu.ru/fulltext/v/Bulletin_TPU/2010/v316/i5/13.pdf | |
| 942 | |c CF | ||